Reglamento del impuesto sobre transmisiones patrimoniales y actos jurídicos documentados : Real Decreto 3.494/1981 de 29 de diciembre Real Decreto 3.494/1981 de 29 de diciembre
Descripción Física:
56 p. ; 17 cm
Otros Autores:
Col·legi d'Advocats de Barcelona. Comissió de Cultura
MARC
| LEADER | 00000nam a2200000Ia 4500 | ||
|---|---|---|---|
| 001 | 14240 | ||
| 008 | 160829s9999 xx 000 0 cat d | ||
| 080 | |a D-2-126 | ||
| 245 | |a Reglamento del impuesto sobre transmisiones patrimoniales y actos jurídicos documentados : |b Real Decreto 3.494/1981 de 29 de diciembre | ||
| 260 | |a [Barcelona] : |b Col·legi d'Advocats de Barcelona, Comissió de Cultura, DL 1982 | ||
| 300 | |a 56 p. ; |c 17 cm | ||
| 590 | |a A la coberta: No. 6 | ||
| 650 | |a Impostos sobre transmissió de béns |x Dret i legislació |x Espanya |9 24738 | ||
| 650 | 0 | |a Impostos sobre el patrimoni |x Espanya |9 27507 | |
| 700 | |a Col·legi d'Advocats de Barcelona. Comissió de Cultura |9 24331 | ||
| 901 | |a Arxiu | ||
| 942 | |n 1 | ||
| 952 | |0 1 |1 0 |2 udc |4 0 |5 2 |6 D2126 |7 1 |9 43293 |a Arxiu |b Arxiu |d 2016-12-01 |l 0 |o D-2-126 |p 14240 |r 2016-12-01 00:00:00 |w 2016-12-01 |y ARXIU | ||
| 999 | |c 45838 |d 45838 | ||